=LDR 00000nam 2200000 4500 =001 INLIS000000000042410 =005 20131008015211 =008 ***********************************ind** =035 ##$$0010-101300000000332 =041 ##$$a ind =082 ##$$a 618.2 =090 ##$$a 618.2, Asu a =245 ##$$a Asuhan neonatus, bayi =260 ##$$a 2012 $b Jakarta =300 ##$$a Vi,160 hlm, 21 cm =650 ##$$a KEBIDANAN =700 ##$$a Ruchmah K.m =850 ##$$a NBPNMAT =990 ##$$a 0001/BPAP-NTB/20142014 =990 ##$$a 0001/BPAP-NTB/20142015